| 000 | 00988nam2a2200253 4500 | ||
|---|---|---|---|
| 001 | RU\NLR\bibl\16879 | ||
| 005 | 20250615013512.0 | ||
| 010 |
_a5-22400030-0 _920000 |
||
| 021 |
_aRU _b98-36509 _91741 |
||
| 035 | _a(NLR Aleph) 000016499 | ||
| 090 |
_a70021 _c70021 |
||
| 100 | _a19990322d1998 |||y0rusy50 ca | ||
| 101 | 0 | _arus | |
| 102 | _aRU | ||
| 105 | _a||||||||||||| | ||
| 200 | 0 | _aТ.2 | |
| 215 |
_a559 с. _cил. |
||
| 300 | _aБиблиогр.: с. 557-558 | ||
| 461 | 0 |
_1001RU\NLR\bibl\17264 _12001#$aПолная энциклопедия быта русского народа, составленная Иваном Панкеевым$vТ.2 _972218 _cМ. _d1998 _nОЛМА-Пресс _o[В 2-х т.] _tПолная энциклопедия быта русского народа, составленная Иваном Панкеевым _y5-22400028-9 _vТ.2 |
|
| 801 | 0 |
_aRU _bNLR _c19990322 _gPSBO |
|
| 801 | 1 |
_aRU _bNLR _c19990322 |
|
| 852 |
_aNLR _j98-7/1636 |
||
| 942 | _cBOOK | ||
| 980 | _aNB | ||